000 00617nam a2200217 i 4500
001 C2-0323819
003 PPAK
005 20180728122313.0
008 970115s1976 my a|||| ||||| | may d
040 _aPPAK
_beng
_cPPAK
_erda
082 0 4 _a398.2209595112
_223
090 0 0 _a398.2209595112
_bABD
_dKK
100 0 _aAbdul Ghani Az,
_eauthor
245 1 0 _aPenduduk Kedah asalnya dari gergasi?
264 1 _a[Kuala Lumpur] :
_bUtusan ,
_c1976
300 _a[6 pages] :
_billustrations ;
_c22 cm
336 _2rdacontent
_atext
337 _2rdamedia
_aunmediated
338 _2rdacarrier
_avolume
942 _ddc
_cB
999 _c123832
_d123832